[Event "III Open Costa Viola B"]
[Site "Sant'Eufemia d'Aspromonte ITA"]
[Date "2010.01.03"]
[Round "3"]
[White "Carbone, Stefano"]
[Black "Carlomagno, Vincenzo"]
[Result "1-0"]
[WhiteElo "1788"]
[BlackElo "1854"]
[PlyCount "85"]
[EventDate "2010.01.02"]

1. e4 c5 2. Nc3 Nc6 3. g3 Nf6 4. Bg2 e6 5. Nge2 d6 6. d3 Be7 7. O-O O-O 8. a4
a6 9. f4 Qc7 10. Kh1 Rb8 11. h3 b5 12. axb5 axb5 13. Be3 b4 14. Nb1 d5 15. e5
Nd7 16. Nd2 f6 17. exf6 Bxf6 18. f5 Bxb2 19. fxe6 Rxf1+ 20. Qxf1 Nf6 21. Rb1
Be5 22. Nf4 Qe7 23. Nxd5 Nxd5 24. Qf7+ Qxf7 25. exf7+ Kf8 26. Bxc5+ Nde7 27.
Bxc6 Kxf7 28. Bg2 Bxg3 29. Rxb4 Rxb4 30. Bxb4 Nf5 31. Ne4 Be5 32. Ng5+ Kg6 33.
Nf3 Bf4 34. Bd2 Bg3 35. Kg1 Kh5 36. Ng5 h6 37. Ne4 Kh4 38. Nxg3 Nxg3 39. Kh2
Ne2 40. c3 Bf5 41. d4 Bd3 42. Bc6 g5 43. Bf3 1-0

[Event "III Open Costa Viola B"]
[Site "Sant'Eufemia d'Aspromonte ITA"]
[Date "2010.01.03"]
[Round "3"]
[White "Fariselli, Umberto"]
[Black "Carbone, Edoardo"]
[Result "1-0"]
[WhiteElo "1476"]
[BlackElo "1584"]
[PlyCount "72"]
[EventDate "2010.01.02"]

1. e4 c6 2. c3 d5 3. f3 Nd7 4. d4 e6 5. e5 c5 6. Be3 Ne7 7. b3 Nf5 8. Bf2 Qa5
9. g4 Ne7 10. Bd3 Nc6 11. Ne2 cxd4 12. b4 Qb6 13. f4 Qc7 14. Nxd4 Nxd4 15. Bxd4
Nb6 16. Na3 Bd7 17. Nb5 Bxb5 18. Bxb5+ Nd7 19. Qa4 a6 20. Bxd7+ Qxd7 21. Qxd7+
Kxd7 22. a4 Be7 23. h4 h5 24. g5 b5 25. O-O Rhf8 26. Kg2 f6 27. axb5 axb5 28.
gxf6 gxf6 29. exf6 Bd6 30. Be5 Kc6 31. Kf3 Kd7 32. Rg1 Rxa1 33. Rxa1 Bxe5 34.
fxe5 Rc8 35. Ra3 Rc7 36. Kf4 Ke8 1-0

[Event "III Open Costa Viola B"]
[Site "Sant'Eufemia d'Aspromonte ITA"]
[Date "2010.01.03"]
[Round "3"]
[White "Fiorentino, Vincenzo"]
[Black "Paragliola, Gennaro"]
[Result "1-0"]
[WhiteElo "1509"]
[BlackElo "1605"]
[PlyCount "65"]
[EventDate "2010.01.02"]

1. d4 Nf6 2. c4 d6 3. Nc3 g6 4. e4 Bg7 5. Nf3 O-O 6. Be3 Nbd7 7. Be2 e5 8. d5
Nc5 9. Qc2 a5 10. O-O Nfd7 11. a3 f5 12. exf5 gxf5 13. Bg5 Nf6 14. b4 axb4 15.
axb4 Rxa1 16. Rxa1 Ncd7 17. Ra8 Nb6 18. Ra1 Bd7 19. c5 Nc8 20. Bc4 Kh8 21. Ra8
Qe8 22. Rb8 Qg6 23. Rxb7 e4 24. Bxf6 exf3 25. Bxg7+ Qxg7 26. g3 Qg4 27. Nd1 Re8
28. Qc3+ Kg8 29. Ne3 Qg5 30. c6 Rxe3 31. Qxe3 Qg4 32. cxd7 Qh3 33. dxc8=Q+ 1-0

[Event "III Open Costa Viola B"]
[Site "Sant'Eufemia d'Aspromonte ITA"]
[Date "2010.01.03"]
[Round "3"]
[White "Gregori, Giacomo"]
[Black "Arcidiaco, Francesco"]
[Result "1-0"]
[WhiteElo "1794"]
[BlackElo "1608"]
[PlyCount "53"]
[EventDate "2010.01.02"]

1. d4 d5 2. Bf4 Nf6 3. e3 Nc6 4. Nf3 a6 5. Nbd2 Bf5 6. c4 e6 7. Qb3 Bb4 8. a3
Bxd2+ 9. Nxd2 Rb8 10. Rc1 O-O 11. Be2 Ne8 12. O-O f6 13. cxd5 exd5 14. Rc5 Be6
15. Bf3 Ne7 16. Rfc1 Nc6 17. Bxd5 Bxd5 18. Rxd5 Qxd5 19. Qxd5+ Kh8 20. Qc5 Kg8
21. d5 Nd8 22. Bxc7 Rc8 23. d6 Ne6 24. Qd5 Kf7 25. f4 g6 26. Nf3 N8xc7 27.
Rxc7+ 1-0

[Event "III Open Costa Viola B"]
[Site "Sant'Eufemia d'Aspromonte ITA"]
[Date "2010.01.03"]
[Round "3"]
[White "Ielapi, Vito"]
[Black "Rizzuti, Pasquale"]
[Result "1-0"]
[WhiteElo "1830"]
[BlackElo "1821"]
[PlyCount "97"]
[EventDate "2010.01.02"]

1. e4 c5 2. Nf3 a6 3. d4 cxd4 4. Nxd4 b5 5. a3 Bb7 6. Nc3 e5 7. Nf5 d6 8. Bd3
g6 9. Ne3 Nf6 10. Ned5 Nxd5 11. Nxd5 Bxd5 12. exd5 Bg7 13. a4 b4 14. Qg4 a5 15.
Bb5+ Nd7 16. O-O f5 17. Qh3 O-O 18. Bh6 Rc8 19. Rac1 Bxh6 20. Qxh6 Rc5 21. Rfd1
Qc7 22. c4 Nb6 23. b3 e4 24. Bc6 Nc8 25. h4 Ne7 26. Bb5 f4 27. Rb1 Rf5 28. Rd4
Kh8 29. Rxe4 Ng8 30. Re8 Qf7 31. Rbe1 Re5 32. R1xe5 dxe5 33. Qg5 Qg7 34. Qd8 h5
35. Qd6 Qc7 36. Qxe5+ Qxe5 37. Rxe5 Nf6 38. d6 Rc8 39. f3 Rd8 40. c5 Nd7 41.
Bxd7 Rxd7 42. Rd5 g5 43. c6 Rg7 44. hxg5 h4 45. c7 h3 46. c8=Q+ Kh7 47. Qxh3+
Kg6 48. Qf5+ Kh5 49. g6+ 1-0

[Event "III Open Costa Viola B"]
[Site "Sant'Eufemia d'Aspromonte ITA"]
[Date "2010.01.03"]
[Round "3"]
[White "Massaro, Umile"]
[Black "Rametta, Marcello"]
[Result "0-1"]
[WhiteElo "1440"]
[BlackElo "1732"]
[PlyCount "90"]
[EventDate "2010.01.02"]

1. e4 c5 2. Nf3 Nc6 3. Bb5 Na5 4. Nc3 a6 5. Be2 e6 6. d4 cxd4 7. Nxd4 b5 8. a3
Bb7 9. b4 Nc6 10. Bb2 Nf6 11. Bf3 Qb6 12. Nxc6 dxc6 13. O-O Be7 14. Qe2 O-O 15.
Rfd1 Rad8 16. Rd3 Nd7 17. Rad1 Ne5 18. Rxd8 Rxd8 19. Na2 Nxf3+ 20. Qxf3 c5 21.
Qg4 Rxd1+ 22. Qxd1 Bxe4 23. Qg4 Bg6 24. h4 Bf8 25. bxc5 Qxc5 26. Nb4 a5 27. Na6
Qxc2 28. Qd4 Qe4 29. Qc3 b4 30. axb4 axb4 31. Qd4 Qxd4 32. Bxd4 b3 33. Kf1 Bc2
34. Ke1 Bd6 35. Kd2 f6 36. Kc1 e5 37. Bc5 Bd3 38. Nb4 Bxc5 39. Nxd3 Bd4 40. f3
f5 41. g3 e4 42. fxe4 fxe4 43. Nf4 Be3+ 44. Kb2 Bxf4 45. gxf4 e3 0-1

[Event "III Open Costa Viola B"]
[Site "Sant'Eufemia d'Aspromonte ITA"]
[Date "2010.01.03"]
[Round "3"]
[White "Mercuri, Delia"]
[Black "Mileo, Miguelito"]
[Result "1-0"]
[WhiteElo "1517"]
[BlackElo "1716"]
[PlyCount "119"]
[EventDate "2010.01.02"]

1. e4 c6 2. Nf3 d5 3. exd5 cxd5 4. d4 Nc6 5. Bb5 a6 6. Bxc6+ bxc6 7. O-O Nf6 8.
Nc3 e6 9. Bg5 Be7 10. Ne5 Qb6 11. Rb1 O-O 12. Bf4 Nd7 13. Nxd7 Bxd7 14. Ne2 c5
15. Be3 Bb5 16. Re1 Rfc8 17. a3 Qc7 18. Qd2 Bd6 19. Bf4 cxd4 20. Bxd6 Qxd6 21.
Nxd4 Bc4 22. Nf3 Rab8 23. b3 Bb5 24. c4 Bc6 25. b4 Rd8 26. c5 Qc7 27. Qd4 a5
28. Rb2 axb4 29. axb4 Bb5 30. Re3 Bc4 31. g3 Rb5 32. Ne5 f6 33. Nxc4 e5 34.
Nxe5 fxe5 35. Rxe5 Qc6 36. Re7 Qf6 37. Re5 Qf3 38. Rbe2 Rbb8 39. R2e3 Qf6 40.
Qg4 Rf8 41. Qe6+ Qxe6 42. Rxe6 Rxb4 43. Rd3 d4 44. Rd6 Rc8 45. Rd5 Rc4 46. Kg2
Kf7 47. Kf3 R4xc5 48. R5xd4 Rf5+ 49. Rf4 Rxf4+ 50. Kxf4 Rc2 51. Rf3 Re2 52.
Kg4+ Kg6 53. h4 h5+ 54. Kh3 Re4 55. Rf8 Re6 56. f4 Rf6 57. Rb8 Kf5 58. Rb5+ Kg6
59. Rg5+ Kh7 60. Rxh5+ 1-0

[Event "III Open Costa Viola B"]
[Site "Sant'Eufemia d'Aspromonte ITA"]
[Date "2010.01.03"]
[Round "3"]
[White "Palermiti, Francesco"]
[Black "Tralongo, Roberto"]
[Result "1-0"]
[WhiteElo "1470"]
[BlackElo "1419"]
[PlyCount "119"]
[EventDate "2010.01.02"]

1. d4 Nf6 2. Nf3 e6 3. Bg5 Be7 4. Nbd2 d5 5. e3 O-O 6. Bd3 c5 7. c3 c4 8. Bc2
Nc6 9. b3 b5 10. b4 h6 11. Bf4 a5 12. a3 Bb7 13. O-O Bd6 14. Bxd6 Qxd6 15. h3
Rfe8 16. Re1 e5 17. dxe5 Nxe5 18. Nd4 axb4 19. axb4 Qd7 20. N2f3 Rxa1 21. Qxa1
Ra8 22. Qd1 Nxf3+ 23. Qxf3 Ra3 24. Bf5 Qe8 25. Rc1 Ne4 26. Bxe4 dxe4 27. Qd1
Qe5 28. Ra1 Rxc3 29. Rb1 Rd3 30. Qg4 Ra3 31. Qd7 Ba6 32. Qd8+ Kh7 33. Qd7 Kg6
34. g4 Ra2 35. Qf5+ Qxf5 36. Nxf5 c3 37. Rc1 c2 38. Nd4 Kg5 39. Nxc2 Rb2 40.
Kg2 f5 41. Kg3 Bb7 42. gxf5 Kxf5 43. Nd4+ Kf6 44. Nxb5 Rxb4 45. Nd4 Rb6 46. h4
Ke5 47. Rc5+ Bd5 48. Rc7 Rg6+ 49. Kh3 Be6+ 50. Nxe6 Kxe6 51. Rc6+ Kf5 52. Rxg6
Kxg6 53. Kg4 Kf6 54. Kf4 g5+ 55. hxg5+ hxg5+ 56. Kxe4 Ke6 57. f3 Kf6 58. Kd5
Kf5 59. e4+ Kf4 60. e5 1-0

[Event "III Open Costa Viola B"]
[Site "Sant'Eufemia d'Aspromonte ITA"]
[Date "2010.01.03"]
[Round "3"]
[White "Pallonetto, Cristofaro"]
[Black "Costantino, Gregorio"]
[Result "1-0"]
[WhiteElo "1494"]
[BlackElo "1434"]
[PlyCount "120"]
[EventDate "2010.01.02"]

1. e4 d6 2. d4 e5 3. dxe5 dxe5 4. Bd3 g6 5. Nf3 Bg7 6. O-O Nf6 7. Nc3 c6 8. Bg5
O-O 9. Nxe5 Qe7 10. Nf3 b5 11. a3 a5 12. Re1 Nbd7 13. Be3 Ng4 14. Qd2 Nde5 15.
Bf4 Nxf3+ 16. gxf3 Be5 17. Bxe5 Qxe5 18. fxg4 Bxg4 19. Bf1 Bf3 20. Qh6 Rad8 21.
Qh3 Qg5+ 22. Bg2 Bg4 23. Qg3 Rd2 24. Rac1 Rfd8 25. h3 Qc5 26. hxg4 R8d4 27. Qf4
g5 28. Qf6 Rd6 29. Qf3 Kg7 30. Rcd1 Rf6 31. Qe3 Qxe3 32. Rxe3 Rfxf2 33. Rxd2
Rxd2 34. e5 Rxc2 35. Bxc6 b4 36. axb4 axb4 37. Na4 Rxc6 38. Kf2 Ra6 39. b3 Rc6
40. Kf3 Kf8 41. Nb2 Rc3 42. Nc4 Rc1 43. Nd2 Ke7 44. Re4 Ke6 45. Rxb4 Kxe5 46.
Nc4+ Kf6 47. Rb6+ Kg7 48. Nd6 Rc3+ 49. Ke2 Kf8 50. Rb8+ Ke7 51. Nf5+ Ke6 52.
Rb6+ Ke5 53. Rb5+ Ke6 54. Ne3 Kd6 55. Kd2 Rc8 56. Nc4+ Rxc4 57. bxc4 f6 58. Ke3
Ke7 59. Ke4 Ke6 60. Rd5 h5 1-0

[Event "III Open Costa Viola B"]
[Site "Sant'Eufemia d'Aspromonte ITA"]
[Date "2010.01.03"]
[Round "3"]
[White "Quattrone, Andrea"]
[Black "Vazzana, Antonio"]
[Result "0-1"]
[WhiteElo "1440"]
[BlackElo "1449"]
[PlyCount "94"]
[EventDate "2010.01.02"]

1. Nf3 Nf6 2. g3 e6 3. Bg2 Be7 4. c4 d5 5. Ne5 Nbd7 6. d4 Bd6 7. Nxd7 Bxd7 8.
cxd5 exd5 9. Qb3 Rb8 10. Nc3 c6 11. Bg5 h6 12. Bd2 Qc8 13. h3 O-O 14. Qc2 Re8
15. e3 Bf5 16. Qd1 b5 17. a3 Qe6 18. g4 Bh7 19. f3 c5 20. Ne2 cxd4 21. Nxd4 Qe5
22. Nc6 Qg3+ 23. Kf1 Rbc8 24. Be1 Qxg2+ 25. Kxg2 Rxc6 26. Rc1 Rb6 27. Bf2 Rb7
28. b4 a5 29. Rc6 Bf8 30. Qd4 axb4 31. axb4 Ra8 32. Ra1 Rd8 33. e4 Rbb8 34. e5
Ne8 35. Ra7 g5 36. h4 Ng7 37. Bg3 Ne6 38. Qc3 d4 39. Qd2 d3 40. f4 gxf4 41.
Bxf4 Rd4 42. Bxh6 Bxb4 43. Rcc7 Bxd2 44. Bxd2 Nxc7 45. Rxc7 Rxg4+ 46. Kf3 Rxh4
47. Rxf7 Kxf7 0-1

[Event "III Open Costa Viola B"]
[Site "Sant'Eufemia d'Aspromonte ITA"]
[Date "2010.01.03"]
[Round "3"]
[White "Sgro', Valerio"]
[Black "Donzella, Emanuele"]
[Result "1-0"]
[WhiteElo "1422"]
[BlackElo "1646"]
[PlyCount "75"]
[EventDate "2010.01.02"]

1. e4 e5 2. Nf3 d6 3. Nc3 Nf6 4. d4 exd4 5. Nxd4 Be7 6. Bc4 Bg4 7. Qd3 O-O 8.
O-O Nbd7 9. h3 Ne5 10. Qg3 Nxc4 11. hxg4 Re8 12. b3 Ne5 13. g5 Nh5 14. Qh3 g6
15. f4 Nc6 16. Nf5 gxf5 17. Qxh5 Qd7 18. Nd5 Rac8 19. Nf6+ Bxf6 20. gxf6 Kh8
21. Rf3 fxe4 22. Rh3 Qxh3 23. Qxh3 Rg8 24. Bb2 Rcd8 25. Re1 d5 26. Kf2 Rg6 27.
Rh1 Kg8 28. Ba3 h6 29. Qh4 Nd4 30. Be7 e3+ 31. Ke1 Ra8 32. Rh3 Nxc2+ 33. Kd1
Nd4 34. Rg3 Nf5 35. Rxg6+ fxg6 36. f7+ Kh7 37. Qf6 Nxe7 38. Qxe7 1-0

[Event "III Open Costa Viola B"]
[Site "Sant'Eufemia d'Aspromonte ITA"]
[Date "2010.01.03"]
[Round "3"]
[White "Vacchiano, Salvatore"]
[Black "Pelyushenko, Vladyslav"]
[Result "0-1"]
[WhiteElo "1581"]
[BlackElo "1792"]
[PlyCount "26"]
[EventDate "2010.01.02"]

1. e4 d6 2. d4 Nf6 3. Nc3 g6 4. f4 Bg7 5. Nf3 O-O 6. Bd3 Nc6 7. a3 Bg4 8. O-O
Nxd4 9. h3 Bxf3 10. Rxf3 Nxf3+ 11. Qxf3 c6 12. Be3 Qc7 13. Rf1 Nd7 0-1

[Event "III Open Costa Viola B"]
[Site "Sant'Eufemia d'Aspromonte ITA"]
[Date "2010.01.03"]
[Round "3"]
[White "Vallone, Rosario"]
[Black "Pirrotta, Domenico"]
[Result "0-1"]
[WhiteElo "1551"]
[BlackElo "1323"]
[PlyCount "48"]
[EventDate "2010.01.02"]

1. c4 Nf6 2. Nc3 c6 3. e4 e6 4. g3 d5 5. cxd5 cxd5 6. exd5 Nxd5 7. Bg2 g6 8.
Nge2 Bg7 9. O-O O-O 10. Qb3 Nxc3 11. dxc3 Nc6 12. Bxc6 bxc6 13. Be3 e5 14. Rad1
Qf6 15. Bc5 Rd8 16. Rxd8+ Qxd8 17. Rd1 Qe8 18. c4 Be6 19. Qc2 Bf8 20. Be3 Rd8
21. Rxd8 Qxd8 22. a3 a5 23. Nc1 c5 24. Nd3 Bf5 0-1

[Event "III Open Costa Viola B"]
[Site "Sant'Eufemia d'Aspromonte ITA"]
[Date "2010.01.03"]
[Round "3"]
[White "Valotta, Massimiliano"]
[Black "Altomonte, Giuseppe"]
[Result "0-1"]
[WhiteElo "1870"]
[BlackElo "1773"]
[PlyCount "46"]
[EventDate "2010.01.02"]

1. d4 d5 2. c4 c6 3. Nf3 Nf6 4. h3 e6 5. e3 Bd6 6. Be2 O-O 7. O-O Nbd7 8. b3
Ne4 9. Bb2 f5 10. Nc3 Ndf6 11. Nd2 Bd7 12. Ndxe4 Nxe4 13. Nxe4 fxe4 14. f4 exf3
15. Bxf3 Qg5 16. Qe1 Rf6 17. Bc1 Raf8 18. e4 Qg6 19. Kh1 e5 20. cxd5 Bxh3 21.
Qe2 Qg3 22. Be3 exd4 23. Bg1 Bd7 0-1

[Event "III Open Costa Viola B"]
[Site "Sant'Eufemia d'Aspromonte ITA"]
[Date "2010.01.03"]
[Round "3"]
[White "Violi, Vincenzo"]
[Black "Zampaglione, Davide"]
[Result "1/2-1/2"]
[WhiteElo "1605"]
[BlackElo "1644"]
[PlyCount "25"]
[EventDate "2010.01.02"]

1. e4 d6 2. d4 Nf6 3. Nc3 Nbd7 4. Nf3 e5 5. Bc4 Be7 6. O-O c6 7. a4 O-O 8. Re1
Qc7 9. Ba2 h6 10. h3 Re8 11. dxe5 dxe5 12. Be3 Bb4 13. Qd3 1/2-1/2

[Event "III Open Costa Viola B"]
[Site "Sant'Eufemia d'Aspromonte ITA"]
[Date "2010.01.03"]
[Round "3"]
[White "Zampaglione, Francesco"]
[Black "Attina', Rodolfo"]
[Result "1/2-1/2"]
[WhiteElo "1461"]
[BlackElo "1368"]
[PlyCount "134"]
[EventDate "2010.01.02"]

1. d4 g6 2. Nf3 Nf6 3. e3 Bg7 4. Nbd2 d6 5. Be2 Nbd7 6. O-O b6 7. c4 c6 8. Qc2
Qc7 9. b3 O-O 10. Bb2 Ba6 11. Bd3 Rac8 12. Rac1 Bb7 13. e4 c5 14. Rfe1 cxd4 15.
Nxd4 a6 16. N4f3 Nc5 17. e5 Nxd3 18. Qxd3 Nh5 19. exd6 Nf4 20. Qe3 Qxd6 21.
Bxg7 Kxg7 22. Qxe7 Qxe7 23. Rxe7 Bxf3 24. Nxf3 Rfe8 25. Rxe8 Rxe8 26. Re1 Ne6
27. Nd4 Kf8 28. Nxe6+ fxe6 29. Rd1 Ke7 30. f3 Rc8 31. Rd2 a5 32. Kf2 Rc5 33.
Ke3 g5 34. g4 a4 35. Kd4 a3 36. b4 Rc7 37. Kc3 b5 38. c5 Rc6 39. Kb3 Ra6 40.
Rc2 Kd7 41. Rd2+ Ke7 42. Kc3 e5 43. Kd3 Ra4 44. Kc3 Ra6 45. Rd5 Re6 46. Kb3 e4
47. fxe4 Rxe4 48. Rxg5 Re3+ 49. Kc2 Re2+ 50. Kb1 Re1+ 51. Kc2 Re2+ 52. Kd1 Rxa2
53. Rg7+ Kd8 54. Ra7 Ke8 55. Kc1 Ra1+ 56. Kc2 Ra2+ 57. Kb1 Rxh2 58. Rxa3 Rh1+
59. Kc2 Rh2+ 60. Kd1 Rh4 61. g5 Rxb4 62. Rh3 Rd4+ 63. Ke2 Rd5 64. Rxh7 Rxg5 65.
c6 Rc5 66. Rb7 Rc2+ 67. Kd3 Rxc6 1/2-1/2

[Event "III Open Costa Viola B"]
[Site "Sant'Eufemia d'Aspromonte ITA"]
[Date "2010.01.04"]
[Round "4"]
[White "Altomonte, Giuseppe"]
[Black "Ielapi, Vito"]
[Result "0-1"]
[WhiteElo "1773"]
[BlackElo "1830"]
[PlyCount "100"]
[EventDate "2010.01.02"]

1. d4 Nf6 2. c4 e6 3. Nc3 Bb4 4. a3 Bxc3+ 5. bxc3 c5 6. e3 Nc6 7. Nf3 O-O 8.
Bd3 b6 9. e4 Ne8 10. d5 Ne7 11. O-O Ng6 12. e5 d6 13. Qc2 dxe5 14. Bxg6 hxg6
15. Qe4 Nf6 16. Qxe5 Re8 17. d6 Ba6 18. Bg5 Bxc4 19. Rfd1 Bb5 20. h3 Bc6 21.
Nh2 Nd7 22. Qg3 f6 23. Be3 Kf7 24. Ng4 Rh8 25. a4 Rh5 26. c4 Qc8 27. a5 b5 28.
cxb5 Bxb5 29. Qf4 Qc6 30. Rab1 a6 31. Rbc1 e5 32. Qh2 Re8 33. Rd2 Re6 34. Rcd1
Ba4 35. Ra1 Rxd6 36. Rxd6 Qxd6 37. g3 Bb5 38. Qg2 Bc6 39. Qf1 Qd5 40. Kh2 f5
41. Rd1 Qe6 42. Qxa6 fxg4 43. h4 Rh8 44. Qf1 Qe7 45. Qc4+ Ke8 46. Qxg4 Qf7 47.
Bxc5 Qf5 48. Qc4 Qf3 49. Qe6+ Kd8 50. Rxd7+ Bxd7 0-1

[Event "III Open Costa Viola B"]
[Site "Sant'Eufemia d'Aspromonte ITA"]
[Date "2010.01.04"]
[Round "4"]
[White "Arcidiaco, Francesco"]
[Black "Gallo, Carlo"]
[Result "0-1"]
[WhiteElo "1608"]
[BlackElo "1619"]
[PlyCount "90"]
[EventDate "2010.01.02"]

1. e4 d6 2. d4 Nf6 3. Nc3 c6 4. Bd3 e5 5. Nf3 Qc7 6. dxe5 dxe5 7. O-O Be7 8. a4
Bg4 9. h3 Bh5 10. Qe2 O-O 11. Be3 Nbd7 12. Bd2 a5 13. Nd1 Nc5 14. Nc3 Rad8 15.
Be3 Nxd3 16. cxd3 Bxf3 17. Qxf3 Rxd3 18. Rac1 Qb8 19. Qe2 Rd7 20. Bb6 Bd8 21.
Bc5 Re8 22. g4 g6 23. h4 h5 24. f3 b6 25. Be3 Qd6 26. Rfd1 Qe6 27. g5 Rxd1+ 28.
Rxd1 Nd7 29. Qf2 Bc7 30. Qc2 Bd6 31. Kg2 Bc5 32. Bc1 Rd8 33. Qd3 Bd4 34. Qc2
Nc5 35. Ne2 Qb3 36. Qd2 Qxa4 37. f4 Nxe4 38. Qe1 Rd5 39. Nc3 Bxc3 40. Bd2 Bxd2
41. Qe2 Qd4 42. f5 Qe3 43. Qxe3 Bxe3 44. Re1 Rd3 45. Kf3 Bd2+ 0-1

[Event "III Open Costa Viola B"]
[Site "Sant'Eufemia d'Aspromonte ITA"]
[Date "2010.01.04"]
[Round "4"]
[White "Attina', Rodolfo"]
[Black "Barbera, Giuseppe"]
[Result "1-0"]
[WhiteElo "1368"]
[BlackElo "1564"]
[PlyCount "83"]
[EventDate "2010.01.02"]

1. Nf3 c5 2. c4 Nc6 3. g3 e6 4. Bg2 Nge7 5. Nc3 g6 6. a3 Bg7 7. Qc2 O-O 8. Na4
b6 9. Rb1 Nf5 10. e3 Rb8 11. b3 d6 12. Nc3 Bb7 13. O-O Ne5 14. e4 Nxf3+ 15.
Bxf3 Nd4 16. Qd3 f5 17. Bg2 a6 18. Ne2 fxe4 19. Bxe4 Bxe4 20. Qxe4 Qf6 21. Nxd4
Qxd4 22. Qxe6+ Kh8 23. Bb2 Qxd2 24. Bxg7+ Kxg7 25. Rbd1 Rbe8 26. Qxd6 Qa5 27.
Qc7+ Rf7 28. Rd7 Ref8 29. Rxf7+ Rxf7 30. Qe5+ Kh6 31. Qe3+ Kg7 32. Rd1 Qxa3 33.
Qc3+ Kg8 34. Rd8+ Rf8 35. Rxf8+ Kxf8 36. Qf6+ Kg8 37. Qxb6 a5 38. Qb5 Kf7 39.
Kg2 Kf6 40. h3 Ke5 41. Qe8+ Kd4 42. Qe3# 1-0

[Event "III Open Costa Viola B"]
[Site "Sant'Eufemia d'Aspromonte ITA"]
[Date "2010.01.04"]
[Round "4"]
[White "Carbone, Edoardo"]
[Black "Palermiti, Francesco"]
[Result "1-0"]
[WhiteElo "1584"]
[BlackElo "1470"]
[PlyCount "97"]
[EventDate "2010.01.02"]

1. e4 c5 2. Nf3 Nc6 3. Nc3 d6 4. d3 e6 5. g3 Nf6 6. Bg2 Be7 7. O-O O-O 8. Nd2
a6 9. a4 Qc7 10. Nc4 Bd7 11. a5 Nd4 12. Nb6 Rad8 13. Ne2 Bc6 14. Nxd4 cxd4 15.
f4 e5 16. f5 d5 17. Re1 dxe4 18. dxe4 h6 19. g4 Nd7 20. Nxd7 Rxd7 21. Qf3 f6
22. h4 Rfd8 23. Rd1 Bb5 24. g5 fxg5 25. hxg5 hxg5 26. Rd2 Qc5 27. Kh1 Rd6 28.
Bh3 Rh6 29. Rg2 Kf7 30. f6 Bxf6 31. Bxg5 Rhh8 32. Bxf6 gxf6 33. Rag1 Rdg8 34.
Rxg8 Rxg8 35. Be6+ Kxe6 36. Rxg8 Qe7 37. Qg4+ Kd6 38. Rg7 Qe6 39. Qh4 Bc6 40.
Qh8 Bxe4+ 41. Kh2 Bc6 42. Qf8+ Kd5 43. Rg6 Kc4 44. b3+ Kc3 45. Qc5+ Kb2 46. Rg1
Qd5 47. Qb4 d3 48. c4 Qf3 49. Qd2+ 1-0

[Event "III Open Costa Viola B"]
[Site "Sant'Eufemia d'Aspromonte ITA"]
[Date "2010.01.04"]
[Round "4"]
[White "Carrozza, Gregorio"]
[Black "Valotta, Massimiliano"]
[Result "0-1"]
[WhiteElo "1616"]
[BlackElo "1870"]
[PlyCount "52"]
[EventDate "2010.01.02"]

1. e4 e6 2. d4 d5 3. exd5 exd5 4. Nf3 Nf6 5. Bd3 Bd6 6. O-O O-O 7. h3 Be6 8.
Bg5 h6 9. Bxf6 Qxf6 10. Nc3 c6 11. Ne2 Bxh3 12. Ng3 Bg4 13. Be2 Bxf3 14. Bxf3
Qh4 15. Qd3 Bxg3 16. fxg3 Qxg3 17. Rae1 Nd7 18. Re3 Qd6 19. Rfe1 Nf6 20. Re7
Rfe8 21. R7e5 Qd7 22. Kf2 Re6 23. Rxe6 fxe6 24. Qa3 a6 25. Qb3 Rf8 26. Qe3 Ng4+
0-1

[Event "III Open Costa Viola B"]
[Site "Sant'Eufemia d'Aspromonte ITA"]
[Date "2010.01.04"]
[Round "4"]
[White "Costantino, Gregorio"]
[Black "Bruno, Elio"]
[Result "1/2-1/2"]
[WhiteElo "1434"]
[BlackElo "1723"]
[PlyCount "36"]
[EventDate "2010.01.02"]

1. d4 Nf6 2. Nf3 g6 3. Bf4 Bg7 4. e3 O-O 5. Nbd2 d6 6. Be2 Re8 7. h3 Nh5 8. Bh2
Be6 9. O-O f5 10. Ng5 Bf7 11. Nxf7 Kxf7 12. Bxh5 gxh5 13. Qxh5+ Kg8 14. Nf3 e6
15. Bf4 Nd7 16. Ng5 Nf8 17. Qf7+ Kh8 18. Qh5 Kg8 1/2-1/2

[Event "III Open Costa Viola B"]
[Site "Sant'Eufemia d'Aspromonte ITA"]
[Date "2010.01.04"]
[Round "4"]
[White "Daniac, Federico"]
[Black "Mileo, Miguelito"]
[Result "1/2-1/2"]
[WhiteElo "1578"]
[BlackElo "1716"]
[PlyCount "123"]
[EventDate "2010.01.02"]

1. e4 c6 2. d4 d5 3. Nd2 dxe4 4. Nxe4 Nd7 5. Nf3 Ndf6 6. Ng3 g6 7. Be2 Bg7 8.
O-O Nh6 9. Bxh6 Bxh6 10. c3 O-O 11. Qb3 b5 12. a4 a6 13. axb5 cxb5 14. Qc2 Bb7
15. Rfe1 e6 16. Ne5 Nd5 17. Bf3 Rc8 18. Nd3 Qb6 19. Nc5 Rc7 20. b4 Bg7 21. Bxd5
exd5 22. Re2 Bc8 23. Rae1 a5 24. bxa5 Qxa5 25. Re7 Rxe7 26. Rxe7 Qa1+ 27. Nf1
Bf5 28. Qd2 Qa5 29. Qe3 b4 30. cxb4 Qxb4 31. Nb3 Be6 32. Rc7 Ra8 33. Qc3 Qxc3
34. Rxc3 Ra3 35. Nfd2 Bxd4 36. Rd3 Bf6 37. f3 Kg7 38. Kf2 d4 39. Ke2 Bxb3 40.
Rxb3 Ra2 41. Rd3 Be5 42. g3 h5 43. f4 Bf6 44. Kf3 Rc2 45. Ne4 Rxh2 46. Nxf6
Kxf6 47. Rxd4 Ra2 48. Rd3 Kg7 49. Rd5 f5 50. Rd6 Ra3+ 51. Kg2 h4 52. gxh4 Kh6
53. Rc6 Kh5 54. Rd6 Kg4 55. Rxg6+ Kxf4 56. h5 Ra2+ 57. Kg1 Ra7 58. Kg2 Rh7 59.
h6 Ke3 60. Rf6 f4 61. Kh3 f3 62. Kg3 1/2-1/2

[Event "III Open Costa Viola B"]
[Site "Sant'Eufemia d'Aspromonte ITA"]
[Date "2010.01.04"]
[Round "4"]
[White "Della Rocca, Giorgio"]
[Black "Carbone, Stefano"]
[Result "1/2-1/2"]
[WhiteElo "1896"]
[BlackElo "1788"]
[PlyCount "88"]
[EventDate "2010.01.02"]

1. c4 Nf6 2. Nc3 g6 3. Nf3 Bg7 4. g3 d6 5. Bg2 O-O 6. O-O e5 7. d3 Nbd7 8. Bd2
Re8 9. Ne1 a5 10. Rb1 Nc5 11. b4 axb4 12. Rxb4 c6 13. Na4 Nfd7 14. Bc3 Nxa4 15.
Rxa4 Rxa4 16. Qxa4 Nc5 17. Qc2 Bf5 18. Qd2 Qa8 19. e4 Be6 20. f4 Qa7 21. Kh1 f5
22. fxe5 dxe5 23. exf5 Bxf5 24. Qe2 Qa3 25. Qd2 Na4 26. Bb4 Qb2 27. Rf2 Qxd2
28. Rxd2 Rd8 29. h3 h5 30. Bf1 e4 31. dxe4 Rxd2 32. Bxd2 Bxe4+ 33. Bg2 Bb1 34.
a3 Bb2 35. Bb4 c5 36. Bd5+ Kg7 37. Bd2 b6 38. Bc6 Nc3 39. Bxc3+ Bxc3 40. Nf3
Bd3 41. Bd5 Bb2 42. a4 Bc2 43. Bc6 Bb3 44. Bb5 Bc2 1/2-1/2

[Event "III Open Costa Viola B"]
[Site "Sant'Eufemia d'Aspromonte ITA"]
[Date "2010.01.04"]
[Round "4"]
[White "Massaro, Umile"]
[Black "Violi, Vincenzo"]
[Result "0-1"]
[WhiteElo "1440"]
[BlackElo "1605"]
[PlyCount "96"]
[EventDate "2010.01.02"]

1. e4 c5 2. Nf3 d6 3. d4 cxd4 4. Nxd4 Nf6 5. Bb5+ Bd7 6. Bxd7+ Nbxd7 7. Nc3 e6
8. Bg5 Be7 9. Qd3 Ne5 10. Qb5+ Qd7 11. O-O h6 12. Bf4 Nc6 13. Nxc6 bxc6 14. Qe2
O-O 15. e5 Nd5 16. Nxd5 cxd5 17. Qg4 Kh7 18. exd6 Bxd6 19. Bxd6 Qxd6 20. b3
Rac8 21. Rac1 Qa3 22. Qa4 Qxa4 23. bxa4 Rc4 24. a5 Ra4 25. Rb1 Rxa5 26. Rb2 Rc5
27. g3 f6 28. Rb7 Ra5 29. Re1 e5 30. Ra1 Rc8 31. Rb2 Rac5 32. Rc1 d4 33. Kf1 d3
34. Ke1 Rxc2 35. Rbxc2 Rxc2 36. Rxc2 dxc2 37. Kd2 Kg6 38. Kxc2 Kf5 39. Kd3 Ke6
40. h4 Kd5 41. f3 g6 42. a3 f5 43. g4 fxg4 44. fxg4 e4+ 45. Ke3 Ke5 46. h5 g5
47. a4 a5 48. Ke2 Kf4 0-1

[Event "III Open Costa Viola B"]
[Site "Sant'Eufemia d'Aspromonte ITA"]
[Date "2010.01.04"]
[Round "4"]
[White "Minucci, Veronica"]
[Black "Donzella, Emanuele"]
[Result "0-1"]
[WhiteElo "1389"]
[BlackElo "1646"]
[PlyCount "44"]
[EventDate "2010.01.02"]

1. e4 e6 2. d4 d5 3. Nc3 dxe4 4. Nxe4 Nf6 5. Bg5 Be7 6. Bxf6 Bxf6 7. Nf3 O-O 8.
Qd2 h6 9. h4 e5 10. Nxf6+ Qxf6 11. O-O-O exd4 12. Nxd4 Rd8 13. Qc3 Nc6 14. Ne2
Rxd1+ 15. Kxd1 Qxf2 16. Ng3 Qf4 17. Be2 Qd4+ 18. Qxd4 Nxd4 19. Re1 Nxe2 20.
Kxe2 Be6 21. b3 Rd8 22. Rd1 Bg4+ 0-1